000 01032nas a2200337 4500
001 BR0301812
003 BR-BrBNA
005 20231205103701.0
007 ta
008 230509b bl.|||p| |||| 00| 00por d
040 _aBR-BrBNA
_bpor
_cBiblioteca Nacional de Agricultura
041 _a(Pt)
072 _aF02
100 1 _aSilveira, C.A.P.
100 1 _aFortes, G.R. de L.
100 1 _aFachinello, J.C.
100 1 _aRodrigues, A.C.
100 1 _aCitadin, I.
100 1 _aQuezada, A.C.
100 1 _aSilva, J.B. da
245 1 _aMultiplicação in vitro de porta-enxertos do gênero Prunus sob baixas concentrações e diferentes tipos de auxinas
650 _aPÊSSEGO
650 _aAUXINA
650 _aPORTA ENXERTO
650 _aCULTURA IN VITRO
650 _aMICROPROPAGAÇÃO
650 _aRIO GRANDE DO SUL
773 0 _tRevista Brasileira de Fruticultura (Brazil)
_xISSN 0100-2945
_g(Dec 2002), v. 24(3) p. 608-610
_wBR0301812
909 _a202311
_bLúcia
_c55
_dLúcia Elande
942 _2AGRIS
_n0
_cANA
999 _c174203
_d174203